| 000 | 00887nam a2200253 i 4500 | ||
|---|---|---|---|
| 003 | DO-SdBNP | ||
| 005 | 20251126132047.0 | ||
| 007 | ta | ||
| 008 | 251120s200? dr 000 0 spa d | ||
| 040 |
_aDO-SdBNP _bspa _cBNPHU _erda |
||
| 041 | _aspa | ||
| 082 | 4 |
_axxx _bR426f _222 |
|
| 110 | 1 |
_aRepública Dominicana. _bConsejo de Defensa de la administración Monetaria y Financiera _957534 |
|
| 245 | 1 | 0 | _aFraude y lavado de activos en la quiebra de Baninter : |
| 264 | 1 |
_aSanto Domingo : _bConsejo de Defensa de la Administración Monetaria y Financiera, _c200?. |
|
| 300 |
_a133 páginas ; _c22 cm. |
||
| 336 |
_2rdacontent _atexto _btxt |
||
| 337 |
_2rdamedia _asin mediación _bn |
||
| 338 |
_2rdacarrier _avolumen _bnc |
||
| 500 | _adictámenes de los juristas Jesús-María Silva Sánchez y David Baigún | ||
| 590 | _aInventariado, 2025/DG | ||
| 910 | _aDG | ||
| 942 |
_2ddc _cLBS1 |
||
| 999 |
_c60058 _d60058 |
||